<?xml version="1.0" encoding="UTF-8"?>
<record
    xmlns:xsi="http://www.w3.org/2001/XMLSchema-instance"
    xsi:schemaLocation="http://www.loc.gov/MARC21/slim http://www.loc.gov/standards/marcxml/schema/MARC21slim.xsd"
    xmlns="http://www.loc.gov/MARC21/slim">

  <leader>01172nam a22002057a 4500</leader>
  <controlfield tag="008">160518b        xxu||||| |||| 00| 0 eng d</controlfield>
  <datafield tag="020" ind1=" " ind2=" ">
    <subfield code="a">9788445315477</subfield>
  </datafield>
  <datafield tag="020" ind1=" " ind2=" ">
    <subfield code="a">8445315471</subfield>
  </datafield>
  <datafield tag="082" ind1=" " ind2=" ">
    <subfield code="a">708</subfield>
    <subfield code="b">S741f</subfield>
  </datafield>
  <datafield tag="100" ind1=" " ind2=" ">
    <subfield code="a">Nancy Spector; F&#xE9;lix Gonz&#xE1;lez-Torres</subfield>
    <subfield code="9">4985</subfield>
  </datafield>
  <datafield tag="110" ind1=" " ind2=" ">
    <subfield code="a"> Centro Galego de Arte Contempor&#xE1;nea (Santiago de Compostela, Espa&#xF1;a)</subfield>
    <subfield code="9">4986</subfield>
  </datafield>
  <datafield tag="245" ind1=" " ind2=" ">
    <subfield code="a">F&#xE9;lix Gonz&#xE1;lez-Torres</subfield>
    <subfield code="c">Nancy Spector; F&#xE9;lix Gonz&#xE1;lez-Torres; Centro Galego de Arte Contempor&#xE1;nea (Santiago de Compostela, Espa&#xF1;a)</subfield>
  </datafield>
  <datafield tag="260" ind1=" " ind2=" ">
    <subfield code="a">[Santiago de Compostela] </subfield>
    <subfield code="b"> Centro Galego de Arte Contempor&#xE1;nea, cop.</subfield>
    <subfield code="c">1995</subfield>
  </datafield>
  <datafield tag="300" ind1=" " ind2=" ">
    <subfield code="a">229 pag</subfield>
    <subfield code="b">ill. col.</subfield>
    <subfield code="c">23 cm</subfield>
  </datafield>
  <datafield tag="505" ind1=" " ind2=" ">
    <subfield code="t">Capitulo 1: de la cr&#xED;tica a la colaboraci&#xF3;n: Los a&#xF1;os ochenta</subfield>
    <subfield code="t">Capitulo 2: El viaje como met&#xE1;fora </subfield>
    <subfield code="t">Capitulo 3:La huella </subfield>
    <subfield code="t">Capitulo 4: El cuerpo</subfield>
    <subfield code="t">Capitulo 5: Luz- Una meditaci&#xF3;n</subfield>
    <subfield code="t">Bibliografia  e historial de exposiciones </subfield>
    <subfield code="t">Indice de reproducciones </subfield>
  </datafield>
  <datafield tag="600" ind1=" " ind2=" ">
    <subfield code="a">Felix Gonz&#xE1;lez- Torres. 1957-1996</subfield>
    <subfield code="v">Exhibiciones </subfield>
    <subfield code="9">4987</subfield>
  </datafield>
  <datafield tag="650" ind1=" " ind2=" ">
    <subfield code="a">Critica e interpretaci&#xF3;n </subfield>
    <subfield code="v">Museo Guggenheim, New York</subfield>
    <subfield code="x">Centro Gallego de arte Contempor&#xE1;neo. </subfield>
    <subfield code="9">4988</subfield>
  </datafield>
  <datafield tag="700" ind1=" " ind2=" ">
    <subfield code="a">Nancy Spector</subfield>
    <subfield code="9">4989</subfield>
  </datafield>
  <datafield tag="700" ind1=" " ind2=" ">
    <subfield code="a">Felix Gonz&#xE1;lez -Torres</subfield>
    <subfield code="9">4990</subfield>
  </datafield>
  <datafield tag="999" ind1=" " ind2=" ">
    <subfield code="c">909</subfield>
    <subfield code="d">909</subfield>
  </datafield>
  <datafield tag="952" ind1=" " ind2=" ">
    <subfield code="0">0</subfield>
    <subfield code="1">0</subfield>
    <subfield code="2">ddc</subfield>
    <subfield code="4">0</subfield>
    <subfield code="7">0</subfield>
    <subfield code="a">LV</subfield>
    <subfield code="b">LV</subfield>
    <subfield code="c">Monograf&#xED;as</subfield>
    <subfield code="d">2016-05-18</subfield>
    <subfield code="l">0</subfield>
    <subfield code="o">708 S741f</subfield>
    <subfield code="p">000797</subfield>
    <subfield code="r">2016-05-18 00:00:00</subfield>
    <subfield code="w">2016-05-18</subfield>
    <subfield code="y">01</subfield>
  </datafield>
</record>
